00659nam a22001817a 4500008004100000020001500041050001900056082001700075100004800092245007200140260005900212300003500271500000600306504003200312505008000344650002100424650003200445171211s2003 mx a|||| |||| 00| 0 spa d a9703600743 aHD37bG65 1993 a658.4bG560a aGonzález Hernández, Jose Antonioeautor aAdministrar para producirc / José Antonio González Hernández aMéxicob : Instituto Politécnico Nacionalc , 2003 a528 páginasb: ilustraciones a  6Bibliografía (pp.515-528) aLas funciones administrativas Las funciones de apoyo La función técnica14aADMINISTRACIÓN24aADMINISTRACIÓN INDUSTRIAL